Matematika - nauka i professija /

Gespeichert in:
Bibliographische Detailangaben
1. Verfasser: Kolmogorov, Andrej Nikolajevič (Verfasst von)
Format: Buch
Sprache:Russisch
Veröffentlicht: Moskva : Nauka, 1988
Tags: Tag hinzufügen
Keine Tags, Fügen Sie das erste Tag hinzu!

MARC

LEADER 00000nam a22000003a 4500
001 stu3563
005 20150617225616.7
008 930416s1988----xxr-----------------rus-d
040 |a STU  |b slo 
041 0 |a rus 
044 |a xxr 
080 |a 51  |7 stu_us_auth*stu8333 
100 1 |a Kolmogorov, Andrej Nikolajevič  |4 aut 
245 1 |a Matematika - nauka i professija /  |c [aut.] Kolmogorov,A.N 
260 |a Moskva :  |b Nauka,  |c 1988 
300 |a 285 s 
996 |b E68517  |c E*68517  |l EE03  |s P  |a 0  |w stu3563_0001